Statistics for Countries with a Mediterranean Climate

Click here to take the quiz!

General Stats

  • This quiz has been taken 214 times
    (125 since last reset)
  • The average score is 26 of 30

Answer Stats

Country% Correct
Spain
100%
Italy
99%
Tunisia
98%
France
97%
Algeria
96%
Croatia
96%
Egypt
96%
Portugal
96%
Syria
96%
Albania
95%
Greece
95%
Israel and Palestine
95%
Morocco
94%
Turkey
94%
Lebanon
93%
Libya
93%
United States
93%
Monaco
88%
Malta
86%
Bosnia and Herzegovina
85%
Mexico
85%
Jordan
84%
Montenegro
83%
Cyprus
81%
Australia
77%
South Africa
72%
United Kingdom (Gibraltar)
70%
Chile
68%
Iraq
66%
Iran
62%

Score Distribution

Percentile by Number Answered

Percent of People with Each Score

Your Score History

You have not taken this quiz since the last reset